[Event "25th Liechtenstein Open"]
[Site "Triesen LIE"]
[Date "2007.05.15"]
[Round "5"]
[White "Jaracz,P"]
[Black "Seps,M"]
[Result "1-0"]
[WhiteElo "2490"]
[BlackElo "2265"]

1.Nf3 Nf6 2.c4 g6 3.d4 Bg7 4.g3 O-O 5.Bg2 d6 6.Nc3 Nbd7 7.O-O e5 8.e4 exd4
9.Nxd4 Re8 10.h3 a6 11.Be3 Rb8 12.a4 Nc5 13.Qc2 a5 14.Rad1 Bd7 15.f3 h5 16.Bf2 Nh7
17.f4 Ne6 18.Nxe6 Bxe6 19.c5 Qc8 20.cxd6 cxd6 21.Kh2 b5 22.axb5 Rxb5 23.Rxd6 Rb4
24.Rd2 Bb3 25.Qc1 Rc4 26.e5 h4 27.Bd5 g5 28.Bxc4 Bxc4 29.Rg1 gxf4 30.gxf4 Qf5
31.Rg4 Nf8 32.Qc2 Qe6 33.Ne4 Ng6 34.Rd6  1-0

[Event "25th Liechtenstein Open"]
[Site "Triesen LIE"]
[Date "2007.05.16"]
[Round "6"]
[White "Hoffmann,Mi1"]
[Black "Seps,M"]
[Result "1/2-1/2"]
[WhiteElo "2473"]
[BlackElo "2265"]

1.d4 Nf6 2.c4 g6 3.Nf3 Bg7 4.g3 O-O 5.Bg2 d6 6.O-O Nc6 7.Nc3 a6 8.d5 Na5
9.b3 Rb8 10.Bd2 c5 11.dxc6 Nxc6 12.Qc1 Re8 13.Rd1 Bd7 14.Ne1 b5 15.Nd3  1/2-1/2

[Event "16th TCh-CRO"]
[Site "Sibenik CRO"]
[Date "2007.05.17"]
[Round "1"]
[White "Jankovic,A"]
[Black "Gracin,D"]
[Result "1-0"]
[WhiteElo "2541"]
[BlackElo "2216"]

1.d4 Nf6 2.Nf3 g6 3.c4 Bg7 4.g3 O-O 5.Bg2 d6 6.O-O c6 7.Nc3 Nbd7 8.e4 e5
9.h3 Qc7 10.Be3 Re8 11.d5 c5 12.Ne1 a6 13.Nd3 Rb8 14.a4 h5 15.Qd2 h4 16.g4 Nh7
17.a5 Qd8 18.b4 cxb4 19.Na4 f5 20.f3 b5 21.axb6 a5 22.Nab2 Nxb6 23.Rxa5 Nd7
24.Rb5 Rxb5 25.cxb5 Bf6 26.Nc4 Be7 27.Nxb4 Nc5 28.Nc6 Qd7 29.Bxc5 dxc5 30.N4xe5 Qd6
31.Nc4 Qg3 32.d6 Bg5 33.d7 Bxd7 34.Qxd7 Bf4 35.Qxe8+ Kg7 36.Rd1 Nf8 37.N6e5  1-0

[Event "16th TCh-CRO"]
[Site "Sibenik CRO"]
[Date "2007.05.17"]
[Round "1"]
[White "Kuljasevic,D"]
[Black "Nakic,Z"]
[Result "1-0"]
[WhiteElo "2447"]
[BlackElo "2177"]

1.d4 Nf6 2.Nf3 d6 3.c4 g6 4.g3 Bg7 5.Bg2 O-O 6.O-O c6 7.Nc3 Bf5 8.Ne1 e5
9.d5 c5 10.e4 Bc8 11.Nd3 Na6 12.a3 Nc7 13.b4 b6 14.Bd2 Kh8 15.Rb1 Ng8 16.f4 f5
17.fxe5 dxe5 18.bxc5 bxc5 19.Nxc5 f4 20.Nb7 Qg5 21.Nd6 Bg4 22.Bf3 Bxf3 23.Qxf3 Nh6
24.Ne2 Na6 25.Nb7 Rac8 26.Kh1 Qe7 27.gxf4 exf4 28.c5 g5 29.c6 g4 30.Qd3 f3
31.Ng3 Nb8 32.d6 Qf7 33.d7  1-0

[Event "16th TCh-CRO"]
[Site "Sibenik CRO"]
[Date "2007.05.17"]
[Round "1"]
[White "Petrov,J"]
[Black "Prlac,V"]
[Result "1-0"]
[WhiteElo "2421"]
[BlackElo "2118"]

1.Nf3 Nf6 2.c4 d6 3.d4 g6 4.g3 Bg7 5.Bg2 O-O 6.O-O Nc6 7.Nc3 a6 8.Re1 Rb8
9.Rb1 Bg4 10.h3 Bxf3 11.Bxf3 e5 12.d5 Ne7 13.b4 Nd7 14.e4 f5 15.Qd3 Nf6 16.c5 fxe4
17.Nxe4 Nxe4 18.Bxe4 Nf5 19.c6 b5 20.Kg2 Qf6 21.Rb2 Bh6 22.Bxh6 Nxh6 23.Qe3 Nf5
24.Qa7 Rbc8 25.Bxf5 Qxf5 26.Qe3 Qf7 27.Qd3 Qf5 28.Qxf5 Rxf5 29.Re3 Rb8 30.Ra3 Rb6
31.Rd2 Kg7 32.f3 Rf7 33.Re2 Rf5 34.Re4 h6 35.h4 Rf7 36.Kf2 Rf6 37.Ke3 g5
38.hxg5 hxg5 39.f4 gxf4+ 40.gxf4 exf4+ 41.Rxf4 Rg6 42.Kf3 Rg5 43.Rg4 Kf6
44.Rxg5 Kxg5 45.Ke4 Kg4 46.Rf3 Rb8 47.Rf6 Rg8 48.Re6 Rg7 49.Re8 Kg5 50.Ra8 Re7+
51.Kd4 Re1 52.Rxa6 Kf5 53.Ra8 Rd1+ 54.Kc3 Rxd5 55.a4 Ke6 56.axb5 Rh5 57.Kc4 d5+
58.Kc3 Rh3+ 59.Kd4 Rh4+ 60.Kd3 Rh3+ 61.Kc2 d4  1-0

[Event "25th Liechtenstein Open"]
[Site "Triesen LIE"]
[Date "2007.05.19"]
[Round "9"]
[White "Simon,Pete GER"]
[Black "Habibi,Al"]
[Result "1/2-1/2"]
[WhiteElo "2163"]
[BlackElo "2268"]

1.d4 Nf6 2.c4 g6 3.Nf3 Bg7 4.g3 O-O 5.Bg2 d6 6.O-O Nc6 7.Nc3 a6 8.Qd3 Bg4
9.d5 Bxf3 10.exf3 Ne5 11.Qe2 c5 12.dxc6 Nxc6 13.Be3 Nd7 14.Rfd1 Bxc3 15.bxc3 Qc7
16.Rab1 Rfe8 17.f4 Rab8 18.Bh3 Rbd8 19.Rd2 e6 20.Bg2 Na5 21.Rdb2 Qxc4 22.Qxc4 Nxc4
23.Rxb7 Nxe3 24.fxe3 Nc5 25.R7b6 d5 26.Bf1 Ra8 27.c4 dxc4 28.Bxc4 Rec8 29.Bf1 Kg7
30.e4 Ra7 31.e5 h5 32.Rd1 a5 33.Rc1 Rac7 34.Rb5 a4 35.Ra5 f6 36.exf6+ Kxf6
37.Bb5 h4 38.Kg2 hxg3 39.hxg3 Nb7 40.Rxc7 Rxc7 41.Rxa4 Rc2+ 42.Kf3 Rc3+ 43.Kf2 Nd6
44.Be2 g5 45.fxg5+ Kxg5 46.g4 e5 47.Ke1 Rc2 48.Ra8 Rb2 49.Rg8+ Kf4 50.Rf8+ Kg5
51.Rg8+ Kf4 52.Rf8+  1/2-1/2

[Event "XXII Felix Cup"]
[Site "Felix Spa ROM"]
[Date "2007.05.25"]
[Round "1"]
[White "Uta,Ap"]
[Black "Nanu,C"]
[Result "0-1"]
[WhiteElo "2024"]
[BlackElo "2509"]

1.d4 Nf6 2.c4 g6 3.g3 Bg7 4.Bg2 O-O 5.Nf3 d6 6.Nc3 c6 7.O-O Qa5 8.Bg5 h6
9.Bxf6 Bxf6 10.Qd2 Bg7 11.a3 Nd7 12.Rfe1 c5 13.e3 Kh7 14.Rad1 Nb6 15.Qd3 Bf5
16.e4 Bg4 17.Ne2 Rac8 18.Rc1 cxd4 19.Nfxd4 Rxc4 20.b4 Qa6 21.Rxc4 Qxc4 22.Qe3 Rc8
23.h3 Bd7 24.Rc1 Bxd4 25.Qd2 Qxe2 26.Qxe2 Rxc1+ 27.Kh2 e5 28.f4 Bg1+ 29.Kh1 exf4
30.Bf1 Be3 31.gxf4 Bxf4 32.Qf3 Bb5  0-1

[Event "50th TCh-SRB Cup"]
[Site "Mataruska Banja SRB"]
[Date "2007.05.27"]
[Round "7"]
[White "Popov,Si1"]
[Black "Lazic,Dr"]
[Result "1/2-1/2"]
[WhiteElo "2477"]
[BlackElo "2311"]

1.d4 Nf6 2.c4 g6 3.Nf3 Bg7 4.g3 O-O 5.Bg2 d6 6.O-O Nc6 7.Nc3 a6 8.h3 Rb8
9.e4 e5 10.d5 Na5 11.Nd2 c5 12.a3 Bd7 13.b4 cxb4 14.axb4 Nxc4 15.Nxc4 Qc7
16.Qb3 Rfc8 17.Nxd6 Qxd6 18.Be3 Qc7 19.Rfc1 Qd8 20.Na4 Bxa4 21.Qxa4 Ne8 22.b5 Rxc1+
23.Bxc1 axb5 24.Qxb5 Nd6 25.Qb4 Rc8 26.Be3 Rc4 27.Qb3 f5 28.exf5 gxf5 29.Rc1 Rxc1+
30.Bxc1 Qc7 31.Ba3 Bf8 32.Bb2 Bg7 33.Bf1 e4 34.Ba3 Be5 35.Qe3 Qg7 36.Qb6 Qd7
37.Bc1 Qe7 38.h4 Kg7 39.Bh3 h6 40.Kg2 Qf7 41.Qe3 Qf6 42.Qe2 Qf7 43.Qd2 Qf6
44.Qd1 Qf7 45.Kh2 Qf6 46.Qe2 Kh7 47.Ba3 Kg7 48.Kg2 Kg6 49.Qc2 h5 50.Qa4 Qf7
51.Qb3 Kg7 52.Bc1 f4 53.Be6 Qg6 54.Bb2 Qf6 55.Ba3 fxg3 56.fxg3 Qh6 57.Qc2 Qe3
58.Qc7+ Kh6 59.Bf5 Nxf5 60.Qxe5 Qf3+ 61.Kh2 Qf2+ 62.Kh3  1/2-1/2

[Event "1st WCh-Team Women"]
[Site "Ekaterinburg RUS"]
[Date "2007.05.28"]
[Round "8"]
[White "Mkrtchian,L"]
[Black "Rajlich,I"]
[Result "1-0"]
[WhiteElo "2424"]
[BlackElo "2408"]

1.d4 Nf6 2.c4 g6 3.Nf3 Bg7 4.g3 O-O 5.Bg2 d6 6.Nc3 Nc6 7.O-O a6 8.d5 Na5
9.Nd2 c5 10.Rb1 Rb8 11.b3 b5 12.Bb2 Bf5 13.e4 Bd7 14.Qc2 e5 15.Ne2 Bh6 16.Bc3 Bg4
17.Rbe1 Nh5 18.Qd3 f5 19.f3 fxe4 20.Nxe4 Bf5 21.f4 exf4 22.Nxf4 Nxf4 23.gxf4 bxc4
24.bxc4 Rb4 25.Bxb4 cxb4 26.c5 Nb7 27.Qxa6 Bxe4 28.Qxb7 Bxg2 29.Kxg2 dxc5
30.Re7 Rf5 31.Qd7 Qxd7 32.Rxd7 c4 33.Rb1 Bf8 34.d6 Rb5 35.Rd8 Kf7 36.Rd1 Bg7
37.d7 Bf6 38.Ra8 c3 39.d8=Q Bxd8 40.Rdxd8 Ke6 41.Rab8 Ra5 42.Rxb4 Rxa2+ 43.Kg3 c2
44.Rc4 g5 45.fxg5 Ra3+ 46.Kf2 Ra2  1-0

[Event "Doroshkevich Mem"]
[Site "Belorechensk RUS"]
[Date "2007.06.01"]
[Round "4"]
[White "Kiriushin,V"]
[Black "Eraschenkov,D"]
[Result "0-1"]
[WhiteElo "2170"]
[BlackElo "2388"]

1.d4 Nf6 2.c4 g6 3.g3 Bg7 4.Bg2 O-O 5.Nf3 d6 6.O-O c5 7.dxc5 dxc5 8.Nc3 Nc6
9.Be3 Qa5 10.Qa4 Qxa4 11.Nxa4 b6 12.Nc3 Ng4 13.Bd2 Bb7 14.Rad1 Rad8 15.h3 Nge5
16.Nxe5 Bxe5 17.Bh6 Rfe8 18.Bg5 Bxc3 19.bxc3 f6 20.Bf4 Na5 21.Bxb7 Nxb7 22.Bc7 Rxd1
23.Rxd1 Kf7 24.Bf4 Ke6 25.Kf1 Na5 26.Ke1 Nxc4 27.Rd3 g5 28.Bc1 Ne5 29.Rd1 Nc6
30.Rd3 Rd8  0-1

[Event "ch-URU"]
[Site "Montevideo URU"]
[Date "2007.06.02"]
[Round "3"]
[White "Lopez Falcon,J"]
[Black "Etcheverz,I"]
[Result "1-0"]
[WhiteElo "2144"]
[BlackElo "2147"]

1.d4 Nf6 2.c4 g6 3.Nf3 Bg7 4.g3 O-O 5.Bg2 d6 6.O-O Nc6 7.d5 Na5 8.Qa4 c5
9.Bd2 b6 10.Bc3 Bd7 11.Qc2 Bf5 12.Qc1 Qd7 13.Nbd2 Bh6 14.Qd1 Ne4 15.Nxe4 Bxe4
16.b3 e5 17.Nxe5 dxe5 18.Bxe4 Nb7 19.Bg2 Rae8 20.e4 Nd6 21.Qd3 f5 22.f3 f4
23.g4 Bg5 24.b4 h5 25.Bh3 Kg7 26.Kg2 Rh8 27.gxh5 Qe7 28.Bg4 Nf7 29.Rab1 Bf6
30.bxc5 bxc5 31.Rb2 Rb8 32.Rfb1 Rxb2+ 33.Rxb2 gxh5 34.Bf5 Kh6 35.Qb1 Nd6
36.Be6 Nxc4 37.Rb7 Qe8 38.Rf7 Rg8+ 39.Kh1 Rg6 40.Qb7 Qa4 41.Rh7+ Kg5 42.Rxh5+ Kxh5
43.Qh7+ Kg5  1-0

[Event "29th Mem Nezhmetdinov"]
[Site "Kazan RUS"]
[Date "2007.06.03"]
[Round "3"]
[White "Khismatullin,D"]
[Black "Gabdrakhmanov,R"]
[Result "1-0"]
[WhiteElo "2570"]
[BlackElo "2392"]

1.d4 Nf6 2.c4 d6 3.Nf3 g6 4.g3 Bg7 5.Bg2 O-O 6.O-O c6 7.Nc3 Qa5 8.e4 Qh5
9.Ng5 Qxd1 10.Rxd1 e5 11.d5 c5 12.a3 Ne8 13.b4 Nd7 14.Rb1 b6 15.Nb5 Ndf6
16.Re1 h6 17.Nf3 Bd7 18.Bd2 Nh7 19.a4 h5 20.Rb3 Bf6 21.Ra1 Kg7 22.a5 Bxb5
23.cxb5 Nc7 24.bxc5 dxc5 25.Bc3 Rfe8 26.Nd2 h4 27.Nc4 hxg3 28.hxg3 Ng5 29.f4 exf4
30.Bxf6+ Kxf6 31.axb6 axb6 32.Rxa8 Rxa8 33.gxf4 Ra1+ 34.Kh2 Nh7 35.Nxb6 Rc1
36.d6 Ne6 37.Nd5+ Kg7 38.b6 c4 39.b7 cxb3 40.b8=Q  1-0

[Event "35th World Open"]
[Site "King of Prussia USA"]
[Date "2007.06.03"]
[Round "6"]
[White "Bercys,S"]
[Black "Yap,N"]
[Result "1/2-1/2"]
[WhiteElo "2438"]
[BlackElo "2298"]

1.d4 Nf6 2.Nf3 g6 3.c4 Bg7 4.g3 O-O 5.Bg2 d6 6.O-O Nbd7 7.Nc3 e5 8.e4 exd4
9.Nxd4 Re8 10.Re1 a6 11.h3 Rb8 12.Be3 Ne5 13.b3 c5 14.Nde2 b5 15.cxb5 axb5
16.Qc2 b4 17.Na4 Bb7 18.Rad1 Qc7 19.g4 Bc6 20.f4 Ned7 21.Ng3 h6 22.Nb2 Nb6
23.e5 dxe5 24.Bxc6 Qxc6 25.f5 e4 26.Qxc5 Qxc5 27.Bxc5 Nfd7 28.Bxb6 Nxb6 29.Nc4 Nxc4
30.bxc4 e3 31.Rd3 Rbc8 32.Kf1 Rxc4 33.Rdxe3 Rxe3 34.Rxe3  1/2-1/2

[Event "ch-URU"]
[Site "Montevideo URU"]
[Date "2007.06.03"]
[Round "4"]
[White "Lopez Falcon,J"]
[Black "Almada,M"]
[Result "0-1"]
[WhiteElo "2144"]
[BlackElo "2075"]

1.d4 Nf6 2.c4 g6 3.Nf3 Bg7 4.g3 O-O 5.Bg2 d6 6.O-O Nbd7 7.Nc3 e5 8.e4 c6
9.h3 Re8 10.Be3 exd4 11.Nxd4 Nc5 12.Qc2 Qe7 13.Rfe1 Bd7 14.Rad1 Nfxe4 15.Bf4 f5
16.f3 g5 17.Bxd6 Qxd6 18.Nxf5 Bxf5 19.Rxd6 Nxd6 20.Rxe8+ Rxe8 21.Qd2 Nxc4
22.Qxg5 Re1+ 23.Kh2 Ne3 24.Qd8+ Bf8 25.Qd2 Nf1+ 26.Bxf1 Rxf1 27.Kg2 Ra1 28.Qg5+ Bg6
29.h4 Ne6 30.Qg4 Ng7 31.Qd7 Rc1 32.Qxb7 Rc2+ 33.Kf1 Nh5 34.Ne2 Nf6 35.Nf4 Bf7
36.g4 Nd5 37.Qb3 Rc1+ 38.Kf2 Nxf4 39.Qb8 Rc2+ 40.Ke3 Ng2+ 41.Ke4 Bg6+ 42.Ke5 Re2+
43.Kf6 Nf4 44.h5 Nd5+ 45.Kg5 Be8 46.Qxa7 Be7+ 47.Kf5 Rxb2 48.a4 Rb4 49.a5 Kf7
50.g5 Rf4+ 51.Ke5 Rxf3 52.Qb7 Ra3 53.a6 Ra5 54.g6+ hxg6 55.hxg6+ Kxg6 56.Ke6 Rxa6
57.Qb1+ Kg7 58.Qg1+ Bg6 59.Kd7 Bf6 60.Ke6 Nf4+ 61.Kd6 Nd3 62.Qf1 c5+ 63.Kd5 Ra7
64.Kc4 Ra4+ 65.Kb5 Rb4+  0-1

[Event "TCh-BIH"]
[Site "Vogosca BIH"]
[Date "2007.06.03"]
[Round "2"]
[White "Drasko,M"]
[Black "Bogut,Z"]
[Result "1-0"]
[WhiteElo "2543"]
[BlackElo "2454"]

1.d4 Nf6 2.c4 g6 3.Nf3 Bg7 4.g3 O-O 5.Bg2 d6 6.O-O c6 7.Nc3 Qb6 8.e3 Re8
9.Nd2 e5 10.c5 Qa6 11.cxd6 exd4 12.exd4 Bg4 13.f3 Bf5 14.Nde4 Qc4 15.Be3 Nbd7
16.Bf2 b5 17.Re1 b4 18.b3 Qe6 19.Nxf6+ Qxf6 20.Ne4 Qd8 21.Rc1 Rc8 22.Qd2 a5
23.Qd3 Be6 24.Qa6 Bd5 25.Nc5 Rxe1+ 26.Rxe1 Nf6 27.Nb7 Ra8  1-0

[Event "1st Alushta Summer"]
[Site "Alushta UKR"]
[Date "2007.06.04"]
[Round "3"]
[White "Amanov,M"]
[Black "Harutjunyan,G"]
[Result "1-0"]
[WhiteElo "2347"]
[BlackElo "2404"]

1.d4 g6 2.c4 Bg7 3.g3 Nf6 4.Bg2 d6 5.Nf3 O-O 6.O-O c6 7.Nc3 Qa5 8.e4 e5 9.h3 Na6
10.Be3 Be6 11.d5 cxd5 12.cxd5 Bd7 13.a3 Rfc8 14.b4 Qd8 15.Rc1 Rxc3 16.Rxc3 Nxe4
17.Rc1 f5 18.Nd2 Nf6 19.Nc4 Be8 20.Na5 Qe7 21.Qe2 f4 22.Bxf4 Nc7 23.Bg5 Nb5
24.Qe3 Bf7 25.Rfd1 Re8 26.a4 Nd4 27.Nb3 Qd7 28.Bxf6 Bxf6 29.b5 Bg5 30.Qxg5 Nxb3
31.Rc3 Nc5 32.Rc4 e4 33.Qg4 Qf5 34.Rcd4 Re5 35.Qxf5 gxf5 36.f4 exf3 37.Bxf3 Re3
38.Kg2 Ra3 39.g4 Bg6 40.gxf5 Bxf5 41.Rf4 Bg6 42.Rf6 Ra2+ 43.Kg3 Ra3 44.Kg2 Ra2+
45.Kg1 Ra3 46.Bg2 Nxa4 47.Rxd6 Nc3 48.Rd2 Ra1+ 49.Kh2 Kf8 50.Rf6+ Ke7 51.d6+ Kd7
52.Bc6+  1-0

[Event "TCh-BIH"]
[Site "Vogosca BIH"]
[Date "2007.06.04"]
[Round "3"]
[White "Blagojevic,Dr"]
[Black "Gavric,M"]
[Result "1/2-1/2"]
[WhiteElo "2529"]
[BlackElo "2391"]

1.d4 Nf6 2.c4 g6 3.Nf3 Bg7 4.g3 O-O 5.Bg2 d6 6.O-O Nc6 7.Nc3 Bg4 8.d5 Na5
9.b3 c5 10.Bb2 a6 11.Nd2 Rb8 12.Qc2 b5 13.Rfe1 bxc4 14.bxc4 e5 15.Nd1 Bh6
16.Bc3 Bd7 17.e3 Bg7 18.f3 Ne8 19.Nf2 Qc7 20.Reb1 Nf6 21.Rb2 Rxb2 22.Qxb2 Ra8
23.Rb1 Bc8 24.Qb6 Qxb6 25.Rxb6 Nb7 26.Bh3 Bxh3 27.Nxh3 Ra7 28.Rc6 Ne8 29.Rc8 Kf8
30.f4 Ke7 31.fxe5 dxe5 32.Ne4 Kd7 33.Rc6 Ned6 34.Nhg5 h6 35.Nxd6 Nxd6 36.Nf3  1/2-1/2

[Event "German Int ch-Youth"]
[Site "Neuhausen GER"]
[Date "2007.06.05"]
[Round "1"]
[White "Vasilev,M"]
[Black "Huschenbeth,N"]
[Result "0-1"]
[WhiteElo "2473"]
[BlackElo "2279"]

1.d4 Nf6 2.c4 g6 3.Nf3 Bg7 4.g3 d6 5.Bg2 O-O 6.O-O Nc6 7.Nc3 a6 8.Qd3 Nb4
9.Qb1 d5 10.cxd5 Nfxd5 11.e4 Nb6 12.d5 a5 13.Rd1 f5 14.Nd4 e5 15.Ne6 Bxe6
16.dxe6 Qe7 17.exf5 gxf5 18.Bxb7 Rab8 19.Bg2 Qxe6 20.a3 Nc6 21.Nb5 e4 22.Nxc7 Qf7
23.Qa2 Nc4 24.Bf1 N6e5 25.Na6 Rb6 26.Nc5 Kh8 27.Bxc4 Qh5 28.Bf4 Nf3+ 29.Kg2 Qxh2+
30.Kf1 Rxb2 31.Qxb2 Bxb2 32.Rab1 Be5 33.Ne6 Bxf4 34.gxf4 e3 35.fxe3 Rc8 36.Rbc1 Nd2+
37.Ke1 Ne4 38.Rd3 Qg1+  0-1

[Event "29th Mem Nezhmetdinov"]
[Site "Kazan RUS"]
[Date "2007.06.06"]
[Round "6"]
[White "Bocharov,D"]
[Black "Kalegin,E"]
[Result "1-0"]
[WhiteElo "2614"]
[BlackElo "2481"]

1.d4 Nf6 2.Nf3 g6 3.c4 Bg7 4.g3 O-O 5.Bg2 d6 6.O-O Nbd7 7.Nc3 e5 8.e4 c6
9.Be3 a5 10.h3 a4 11.b4 axb3 12.axb3 Rxa1 13.Qxa1 exd4 14.Nxd4 Re8 15.b4 Qe7
16.Qa2 h5 17.Rd1 Nf8 18.Qd2 N8d7 19.f4 Nxe4 20.Nxe4 f5 21.Nxc6 bxc6 22.Nxd6 Qxe3+
23.Qxe3 Rxe3 24.Nxc8 Nf6 25.Kf2 Rc3 26.c5 Rc2+ 27.Kg1 h4 28.Ne7+ Kh7 29.Bxc6 hxg3
30.Bf3 Bh6 31.Rd4 Bf8 32.Nc6 Kh6 33.Rd8 Bg7 34.Ne5 Ne4 35.Nf7+ Kh7 36.Bxe4 fxe4
37.Ng5+ Kh6 38.Nxe4  1-0

[Event "ch-URU"]
[Site "Montevideo URU"]
[Date "2007.06.06"]
[Round "7"]
[White "Izquierdo,D"]
[Black "Muniz,R"]
[Result "1-0"]
[WhiteElo "2338"]
[BlackElo "2198"]

1.Nf3 Nf6 2.c4 g6 3.d4 Bg7 4.g3 O-O 5.Bg2 d6 6.O-O Nbd7 7.Nc3 c5 8.h3 Rb8
9.Be3 b6 10.Qd2 Re8 11.Bh6 Bh8 12.Rad1 Ba6 13.b3 Qc7 14.a4 cxd4 15.Nxd4 Nc5
16.Qe3 Bb7 17.Nd5 Qd7 18.Kh2 Ne6 19.Nxe6 fxe6 20.Nc7 Bxg2 21.Kxg2 Rec8 22.Nxe6 a6
23.Ng5 Rc5 24.Qe6+ Qxe6 25.Nxe6 Rcc8 26.Be3 Ne4 27.Bd4 Nc5 28.Nxc5 bxc5 29.Bxh8 Kxh8
30.Rd3 Kg7 31.f4 Rb6 32.Rff3 h5 33.e4 Kf6 34.Rfe3 e5 35.h4 exf4 36.gxf4 Rcb8
37.Kf3 Re8 38.Rxd6+ Rxd6  1-0

[Event "FSIMB June"]
[Site "Budapest HUN"]
[Date "2007.06.09"]
[Round "8"]
[White "Asabri,Hu"]
[Black "Kahn,E"]
[Result "1/2-1/2"]
[WhiteElo "2228"]
[BlackElo "2334"]

1.d4 Nf6 2.Nf3 g6 3.c4 Bg7 4.g3 O-O 5.Bg2 d6 6.O-O Nbd7 7.Nc3 e5 8.e4 c6
9.h3 exd4 10.Nxd4 Re8 11.Re1 Qb6 12.Nb3 Ne5 13.Bf1 Be6 14.Be3 Qd8 15.Nd2 d5
16.cxd5 cxd5 17.Bd4 Nxe4 18.Ndxe4 dxe4 19.Rxe4 Bf5 20.Re3 Qxd4 21.Qxd4 Nf3+
22.Rxf3 Bxd4 23.g4 Be6 24.Rd1 Red8 25.Rfd3 Bb6 26.Rxd8+ Bxd8 27.Bg2 Bf6 28.Bxb7 Rb8
29.Bd5 Rxb2 30.Ne4 Bh4 31.Bxe6 fxe6 32.g5 Rb7 33.Kg2 Kg7 34.Rd8 h6 35.gxh6+ Kh7
36.Rd6 Kxh6 37.Rxe6 a5 38.Nd6 Rb4 39.Re4 Rxe4 40.Nxe4 Be7  1/2-1/2

[Event "5th V Nabokov Mem"]
[Site "Kyiv UKR"]
[Date "2007.06.09"]
[Round "7"]
[White "Baryshpolets,A"]
[Black "Ogleznev,A"]
[Result "1-0"]
[WhiteElo "2305"]
[BlackElo "2270"]

1.d4 Nf6 2.c4 g6 3.Nf3 Bg7 4.g3 O-O 5.Bg2 d6 6.O-O c5 7.d5 e6 8.Nc3 exd5
9.cxd5 Na6 10.Nd2 Nc7 11.Nc4 Nfe8 12.a4 b6 13.Re1 Ba6 14.Na3 Qd7 15.e4 b5
16.axb5 Bxb5 17.f4 Rb8 18.e5 a6 19.Naxb5 axb5 20.Ra7 Kh8 21.Kh1 Qc8 22.Be3 b4
23.Ne4 Nb5 24.Ra2 c4 25.Ra4 dxe5 26.d6 Nf6 27.Nxf6 Bxf6 28.Rxb4 Rd8 29.fxe5 Bg7
30.Qd5 Nxd6 31.Rxb8 Qxb8 32.exd6 Qxb2 33.Qxc4 h5 34.d7 Kh7 35.Rd1 Qf6 36.Qc7 Bf8
37.Bb6 Be7 38.Qc6  1-0

[Event "XXV Open"]
[Site "Novi Becej SRB"]
[Date "2007.06.09"]
[Round "1"]
[White "Grunberg,M"]
[Black "Jovic,C"]
[Result "1-0"]
[WhiteElo "2442"]
[BlackElo "2132"]

1.Nf3 g6 2.d4 Bg7 3.c4 d6 4.g3 Nf6 5.Bg2 O-O 6.Nc3 c5 7.O-O cxd4 8.Nxd4 Ng4
9.e3 Ne5 10.b3 Nbc6 11.Bb2 Bg4 12.f3 Bd7 13.Qd2 Nxd4 14.exd4 Nc6 15.d5 Na5
16.Rac1 Rb8 17.Kh1 a6 18.Qe2 Re8 19.b4 b5 20.bxa5 bxc4 21.Nd1 Bxb2 22.Nxb2 c3
23.Nc4 Bb5 24.a4 Bxc4 25.Qxc4 Qxa5 26.Rb1 Rbc8 27.Qb4 Qxd5 28.f4 Qc4 29.Qxc4 Rxc4
30.Rfe1 Rec8 31.a5 R8c5 32.Bf1 Ra4 33.Rb3 Raxa5 34.Rc1 Rc8 35.Rcxc3 Rxc3
36.Rxc3 Ra1 37.Kg2 a5 38.Bb5 Rd1 39.Kf3 e6 40.Rc7 Kf8 41.g4 h6 42.Rc8+ Ke7
43.g5 hxg5 44.fxg5 f5 45.Re8+ Kf7 46.Ra8  1-0

[Event "7th ch-Euro Senior"]
[Site "Hockenheim GER"]
[Date "2007.06.10"]
[Round "9"]
[White "Gabriel,J"]
[Black "Kock,HU"]
[Result "1-0"]
[WhiteElo "2202"]
[BlackElo "2137"]

1.c4 Nf6 2.d4 g6 3.g3 Bg7 4.Bg2 d6 5.Nf3 O-O 6.O-O c6 7.b3 Nbd7 8.Bb2 Qc7
9.Nc3 e5 10.dxe5 Nxe5 11.Qd2 Nxf3+ 12.Bxf3 Bh3 13.Rfd1 Rfd8 14.Qd4 Ne8 15.Qh4 Bf5
16.e4 Be6 17.Rd3 Qa5 18.Qf4 g5 19.Qd2 g4 20.Bg2 Qh5 21.Ne2 Bxb2 22.Qxb2 Qe5
23.Rd4 c5 24.Rd2 Qxb2 25.Rxb2 Rab8 26.Rd2 b5 27.cxb5 Rxb5 28.e5 c4 29.exd6 Rxd6
30.Rxd6 Nxd6 31.Nd4 Rb6 32.Nxe6 fxe6 33.bxc4 Nxc4 34.h3 gxh3 35.Bxh3 Kf7
36.Rc1 Rb4 37.Bf1 Nd2 38.Bd3 a5 39.Kg2 h6 40.Rc2 Nb1 41.Rc7+ Kf6 42.Rh7 Nc3
43.Rxh6+ Ke7 44.Rh7+ Kd6 45.Ra7 a4 46.Ra6+ Kd5 47.Bc2 e5 48.a3 Rd4 49.Ra5+ Kd6
50.Kf3 e4+ 51.Ke3 Rc4 52.Kd2 Kc6 53.Ra8 Kb5 54.Rb8+ Ka5 55.Re8 Nb5 56.Ra8+ Kb6
57.Rxa4 Rxa4 58.Bxa4 Nxa3 59.Ke3 Nb1  1-0

[Event "2nd Maia Chiburdanidze Cup"]
[Site "Tbilisi GEO"]
[Date "2007.06.13"]
[Round "8"]
[White "Pantsulaia,L"]
[Black "Charkhalashvili,I"]
[Result "1-0"]
[WhiteElo "2616"]
[BlackElo "2323"]

1.c4 Nf6 2.g3 g6 3.Bg2 Bg7 4.d4 d6 5.Nf3 O-O 6.Nc3 Nbd7 7.O-O c6 8.e4 Qc7
9.h3 a6 10.a4 e5 11.Be3 Re8 12.Qc2 Nf8 13.Rfd1 exd4 14.Nxd4 Ne6 15.a5 Nxd4
16.Bxd4 Be6 17.b3 Qe7 18.Rd2 c5 19.Be3 Rad8 20.Rad1 Qc7 21.Bf4 Bf8 22.Qa2 h6
23.Rd3 Kh7 24.Qd2 Rd7 25.Na4 g5 26.Bxd6 Bxd6 27.Rxd6 Red8 28.e5 Ne8 29.Rxd7 Rxd7
30.Qc2+ Kg8 31.Rxd7 Bxd7 32.Nb6 Be6 33.Qe4 Kg7 34.f4 gxf4 35.gxf4 Bc8 36.f5 Qd8
37.f6+ Kh8 38.Nxc8  1-0

[Event "11th Master Open"]
[Site "Voronezh RUS"]
[Date "2007.06.15"]
[Round "4"]
[White "Moskalenko,A"]
[Black "Chadaev,N"]
[Result "1/2-1/2"]
[WhiteElo "2371"]
[BlackElo "2486"]

1.d4 g6 2.Nf3 Bg7 3.c4 d6 4.g3 Nf6 5.Bg2 O-O 6.O-O Nc6 7.Nc3 Bd7 8.d5 Na5
9.b3 c6 10.dxc6 bxc6 11.Bb2 Rb8 12.Nd2 c5 13.Qc2 Nc6 14.Rad1 Qc8 15.Rfe1 Re8
16.Qb1 Bg4 17.Nf1 Bh3 18.Bh1 Nd4 19.Ne3 Bd7 20.Nc2 Bf5 21.e4 Bg4 22.Nxd4 Bxd1
23.Ndb5 Bg4 24.Nxa7 Qa6 25.Nab5 Qa5 26.f3 Bd7 27.Rd1 Bc6 28.f4 Rbc8 29.e5 Bxh1
30.exf6 Qa8 31.Nd5 Bxd5 32.cxd5 Bh8 33.fxe7 Bxb2 34.Qxb2 Rxe7 35.Qf6 Rd7
36.a4 Qa5 37.Nxd6 Qd8 38.Qxd8+ Rcxd8 39.Ne4 Kf8 40.d6 c4 41.bxc4 f5 42.Ng5 Rxd6
43.Nxh7+ Kg7 44.Rxd6 Rxd6 45.Ng5 Rc6 46.c5 Kf6 47.Nf3 Rxc5 48.h4 Ra5 49.Ne5 Rxa4
50.Kf2  1/2-1/2

[Event "XXV Open"]
[Site "Novi Becej SRB"]
[Date "2007.06.16"]
[Round "8"]
[White "Grunberg,M"]
[Black "Sevo,D"]
[Result "1-0"]
[WhiteElo "2442"]
[BlackElo "2279"]

1.Nf3 g6 2.c4 Bg7 3.d4 d6 4.g3 Nf6 5.Bg2 O-O 6.Nc3 Nc6 7.O-O Bg4 8.h3 Bxf3
9.Bxf3 Nd7 10.e3 e5 11.d5 Ne7 12.Bg2 a5 13.Rb1 f5 14.a3 Kh8 15.b4 axb4 16.axb4 f4
17.g4 Ng8 18.e4 Nh6 19.Bd2 Nf7 20.Be1 Bf6 21.Ra1 Rb8 22.Nb5 Be7 23.Ra7 Nb6
24.Qb3 Bh4 25.c5 Nc8 26.Ra2 Ng5 27.f3 Bxe1 28.Rxe1 Rf7 29.Qc3 Rg7 30.Rea1 Nf7
31.Ra8 Rxa8 32.Rxa8 Rg8 33.Na7 Qh4 34.Rxc8 Ng5 35.cxd6 cxd6 36.Rxg8+ Kxg8
37.Nc8 Nxh3+ 38.Bxh3 Qxh3 39.Nxd6 Qg3+ 40.Kf1 Qh3+ 41.Ke2 Qg2+ 42.Kd1 Qf1+
43.Kc2 Qe2+ 44.Kc1 Qf1+ 45.Kb2  1-0

[Event "Open"]
[Site "Teplice CZE"]
[Date "2007.06.17"]
[Round "3"]
[White "Luch,M"]
[Black "Janda,Z"]
[Result "1-0"]
[WhiteElo "2336"]
[BlackElo "2182"]

1.d4 Nf6 2.c4 d6 3.Nf3 g6 4.g3 Bg7 5.Bg2 O-O 6.O-O Na6 7.Nc3 c5 8.h3 Bd7
9.b3 Rb8 10.Be3 b6 11.Qd2 Re8 12.Bh6 Bh8 13.Rad1 Qc8 14.Kh2 Nb4 15.e4 cxd4
16.Nxd4 Nc6 17.Be3 Nxd4 18.Bxd4 Bc6 19.Rfe1 Qb7 20.Nd5 Bxd5 21.cxd5 Rbc8
22.f4 Red8 23.e5 Ne8 24.e6 f5 25.Bxh8 Kxh8 26.g4 Ng7 27.gxf5 Nxf5 28.Be4 Rf8
29.Rg1 Rc5 30.Rg5 Qc8 31.Bxf5 gxf5 32.Qb2+ Rf6 33.Rd2 Rc3 34.Rdg2 h6 35.Qxc3  1-0

[Event "Open"]
[Site "Teplice CZE"]
[Date "2007.06.18"]
[Round "4"]
[White "Balhar,J"]
[Black "Skala,J"]
[Result "1-0"]
[WhiteElo "2188"]
[BlackElo "2049"]

1.d4 Nf6 2.c4 g6 3.Nf3 Bg7 4.g3 O-O 5.Bg2 d6 6.O-O Nfd7 7.Nc3 e5 8.e4 Nc6
9.d5 Ne7 10.Ne1 f5 11.Nd3 fxe4 12.Nxe4 Nf6 13.Nxf6+ Bxf6 14.f4 exf4 15.Bxf4 Bf5
16.Bh6 Rf7 17.g4 Bxd3 18.Qxd3 Nc8 19.g5 Bg7 20.Rxf7 Kxf7 21.Rf1+ Kg8 22.Bxg7 Kxg7
23.Qd4+ Kg8 24.Bh3 Qxg5+ 25.Kh1 Qe5 26.Be6+ Kg7 27.Rf7+ Kh6 28.Qd2+ g5 29.Bf5  1-0

[Event "King's Gambit B"]
[Site "Lipetsk RUS"]
[Date "2007.06.23"]
[Round "2"]
[White "Truskavetsky,A"]
[Black "Ajrapetian,G"]
[Result "1-0"]
[WhiteElo "2377"]
[BlackElo "2269"]

1.d4 Nf6 2.c4 g6 3.Nf3 Bg7 4.g3 O-O 5.Bg2 d6 6.O-O Nbd7 7.Nc3 e5 8.h3 c6
9.e4 Re8 10.d5 cxd5 11.cxd5 Nc5 12.Re1 a5 13.Bf1 Bd7 14.a4 Qb6 15.Nd2 Rec8
16.Nb5 Bxb5 17.Bxb5 Qc7 18.b3 Bh6 19.Qf3 Nfd7 20.Nc4 Bxc1 21.Raxc1 Nb6 22.Nxa5 Rxa5
23.b4 Raa8 24.bxc5 dxc5 25.Qf6 Rd8 26.Red1 Nc8 27.Rxc5 Qd6 28.Qh4 Kg7 29.Rdc1 Qf6
30.Qxf6+ Kxf6 31.Bd3 Nd6 32.a5 Rdc8 33.Rc7 Rd8 34.R1c5 Rab8 35.Rc3 Ra8 36.Ra3 g5
37.Kg2 Rac8 38.Rxc8 Rxc8 39.a6 bxa6 40.Rxa6 Rd8 41.Ra7 Ne8 42.Kf3 Nd6 43.Ke3 Kg6
44.f4 gxf4+ 45.gxf4 f6 46.f5+ Kh6 47.Re7 Ne8 48.Rf7 Rd6 49.Bb5 Ng7 50.Bc6 Nh5
51.Kd3 Ng3 52.h4 Nh1 53.Re7 Rd8 54.Ke3 Ng3 55.Kf3 Nh5 56.Re8 Rd6 57.Re6 Rd8
58.d6 Kg7 59.d7  1-0

[Event "Narciso Yepes Mem"]
[Site "Lorca ESP"]
[Date "2007.06.25"]
[Round "1"]
[White "Strikovic,A"]
[Black "Ribes Peris,A"]
[Result "1-0"]
[WhiteElo "2563"]
[BlackElo "2139"]

1.c4 Nf6 2.Nf3 g6 3.g3 Bg7 4.Bg2 d6 5.d4 O-O 6.O-O Nbd7 7.Nc3 c6 8.e4 e5
9.Qc2 exd4 10.Nxd4 Nc5 11.Rd1 Qe7 12.Bf4 Rd8 13.h3 a5 14.b3 Ne8 15.Be3 h5
16.Qd2 Nc7 17.f4 N7e6 18.Nde2 f5 19.exf5 gxf5 20.Rac1 Bf6 21.Kh2 Ng7 22.Bd4 h4
23.gxh4 Bxd4 24.Qxd4 Qxh4 25.Qe3 Nh5 26.Rg1 Kh7 27.Bf3 Ne6 28.Bxh5 Qxh5 29.Nd4 Re8
30.Qg3 Qh6 31.Nxf5 Qxf4 32.Nxd6 Rf8 33.Nce4 Qxg3+ 34.Rxg3 Nd4 35.Ng5+ Kh6
36.Ngf7+ Kh7 37.Rcg1 Nf5 38.Rg5  1-0